Central Library OPAC University of Rajshahi

বাংলাদেশের শিল্পকলার আদিপর্ব ও ঔপনিবেশিক প্রভাব / (Record no. 62632)

MARC details
000 -LEADER
fixed length control field 01025nam a2200253 a 4500
001 - CONTROL NUMBER
control field 62632
003 - CONTROL NUMBER IDENTIFIER
rucl marc code BD-RjUL
005 - DATE AND TIME OF LATEST TRANSACTION
control field 20211209081115.0
008 - FIXED-LENGTH DATA ELEMENTS--GENERAL INFORMATION
fixed length control field 170124s2000 bg a|||| |||| 00| 0 ben d
020 ## - INTERNATIONAL STANDARD BOOK NUMBER
International Standard Book Number 9840738909
Terms of availability : Tk. 60.00
035 ## - SYSTEM CONTROL NUMBER
System control number (BD-RjUL)62758
040 ## - CATALOGING SOURCE
Original cataloging agency BD-RjUL
Language of cataloging ben
Transcribing agency BD-RjUL
041 ## - LANGUAGE CODE
Language code of text/sound track or separate title ben
082 ## - DEWEY DECIMAL CLASSIFICATION NUMBER
Edition number 23
Classification number 759.95492
Author mark and year AZB 2000
100 ## - MAIN ENTRY--PERSONAL NAME
Personal name আজিম, ফয়েজুল
9 (RLIN) 175786
245 10 - TITLE STATEMENT
Title বাংলাদেশের শিল্পকলার আদিপর্ব ও ঔপনিবেশিক প্রভাব /
Statement of responsibility, etc. ফয়েজুল আজিম
260 ## - PUBLICATION, DISTRIBUTION, ETC. (IMPRINT)
Place of publication, distribution, etc. ঢাকা :
Name of publisher, distributor, etc. বাংলা একাডেমী,
Date of publication, distribution, etc. ২০০০
300 ## - PHYSICAL DESCRIPTION
Pagination [৯], ১৪৯ পৃ. :
Illustrations চিত্র ;
Size ২৩ সেমি.
490 ## - SERIES STATEMENT
Series statement বাএ ;
Volume/sequential designation ৩৮৮১
650 ## - SUBJECT ADDED ENTRY--TOPICAL TERM
Topical term or geographic name as entry element চিত্র, বাংলাদেশী
Chronological subdivision ২০শতক
9 (RLIN) 186193
Topical term or geographic name as entry element Painting, Bangladeshi
Chronological subdivision 20th century.
9 (RLIN) 186194
830 ## - SERIES ADDED ENTRY--UNIFORM TITLE
Uniform title বাএ ;
Volume number/sequential designation ৩৮৮১
942 ## - ADDED ENTRY ELEMENTS (KOHA)
Source of classification or shelving scheme Dewey Decimal Classification
Koha item type Books
Holdings
Lost status Source of classification or shelving scheme Damaged status Not for loan Collection code Permanent Location Current Location Shelving location Date acquired Source of acquisition Cost, normal purchase price Total Checkouts Full call number Date last seen Copy number Koha item type Date checked out
  Dewey Decimal Classification   Not For Loan Non-fiction Central Library, University of Rajshahi Central Library, University of Rajshahi Reading Room 21/07/2012 Bangla Academy, Dhaka 60.00   B 759.95492 AZB 2000 24/01/2017 C-1 Books  
  Dewey Decimal Classification     Non-fiction Central Library, University of Rajshahi Central Library, University of Rajshahi   21/07/2012 Bangla Academy, Dhaka 60.00 3 B 759.95492 AZB 2000 19/01/2022 C-2 Books 17/12/2021